|
|
|
|
| LEADER |
00000nam a22000005a 4500 |
| 001 |
vtls008841263 |
| 003 |
SK-MaSNL |
| 005 |
20260426011844.0 |
| 008 |
240318s2006 xo a grc 000 0bslo |
| 015 |
|
|
|a SNBE2007/02-00581
|
| 020 |
|
|
|a 8089023843
|q (brož.)
|
| 040 |
|
|
|a SNK
|b slo
|c SNK
|e AACR2
|
| 041 |
0 |
|
|a slo
|
| 043 |
|
|
|a e-xo---
|
| 044 |
|
|
|a xo
|c SK
|
| 072 |
|
7 |
|a 821.162.4
|x Slovenská literatúra
|2 konspekt
|
| 072 |
|
7 |
|a 929
|x Biografie
|2 konspekt
|
| 080 |
|
|
|a 316.72/.75-027.22
|2 2001
|
| 080 |
|
|
|a 316.7:32
|2 2001
|
| 080 |
|
|
|a 930.85
|2 2001
|
| 080 |
|
|
|a (437.6)
|2 2001
|
| 080 |
|
|
|a (083.824)
|2 2001
|
| 080 |
|
|
|a 821.162.4-051
|2 2001
|
| 100 |
1 |
|
|a Cabadaj, Peter,
|d 1966-
|4 aut
|9 98153
|
| 245 |
1 |
0 |
|a Ľudovít Štúr
|b medzinárodný výstavný projekt Slovenskej národnej knižnice, zrealizovaný pri príležitosti Roka Ľudovíta Štúra (október 2005 - október 2006)
|c [autor katalógu a manažér výstavy: Peter Cabadaj; koncepcia a scenár výstavy: Augustín Maťovčík, Jozef Beňovský]
|
| 250 |
|
|
|a [1. vyd.]
|
| 260 |
|
|
|a Martin
|b Slovenská národná knižnica
|c 2006
|
| 300 |
|
|
|a 19 s.
|b ilustr.
|c 21 cm
|
| 500 |
|
|
|a Výtvarné a grafické riešenie výstavy a katalógu: Igor Štrbík; obálka katalógu: Jozef Baláž
|
| 600 |
1 |
7 |
|a Štúr, Ľudovít,
|d 1815-1856
|2 SNKMA
|9 92872
|
| 648 |
|
7 |
|a 19. stor.
|2 SNKPH
|9 278793
|
| 650 |
0 |
7 |
|a slovenskí spisovatelia
|2 SNKPH
|9 1258
|
| 650 |
0 |
7 |
|a kultúrny život
|2 SNKPH
|9 3182
|
| 650 |
0 |
7 |
|a kultúra a politika
|2 SNKPH
|9 66599
|
| 650 |
0 |
7 |
|a národné obrodenie
|2 SNKPH
|9 3795
|
| 650 |
0 |
7 |
|a výstavné projekty
|2 SNKPH
|9 694822
|
| 651 |
|
7 |
|a Slovensko
|2 SNKPH
|9 14231
|
| 655 |
|
7 |
|a katalógy výstav
|2 SNKPH
|9 70445
|
| 700 |
1 |
|
|a Maťovčík, Augustín,
|d 1937-
|4 cur
|9 98490
|
| 700 |
1 |
|
|a Beňovský, Jozef,
|d 1949-
|4 cur
|9 98491
|
| 700 |
1 |
|
|a Štrbík, Igor,
|d 1964-
|4 bkd
|9 102927
|
| 700 |
1 |
|
|a Baláž, Jozef,
|d 1923-2006
|4 art
|9 7246
|
| 919 |
|
|
|a 80-89023-84-3
|
| 999 |
|
|
|c 1082102
|d 1084032
|
| 952 |
|
|
|a SNK
|b SNK
|y VYP
|7 0
|p 17A0518354
|o snkOSB 14671 D1
|i snk2006/16562
|8 0
|0 0
|1 0
|4 0
|d 2006-08-22
|l 0
|r 2026-02-24 16:28:54
|w 2026-02-24
|
| 952 |
|
|
|a SNK
|b SNK
|y PREZ
|7 0
|p 17A0518355
|o snkOSB 14671
|i snk2006/16561
|8 0
|0 0
|1 0
|4 0
|d 2006-08-22
|l 0
|r 2026-02-24 16:28:54
|w 2026-02-24
|